| 000 | 00446nam a22001577a 4500 | ||
|---|---|---|---|
| 005 | 20251108171103.0 | ||
| 008 | 250721s9999 xx 000 0 ara d | ||
| 082 | 1 | 4 | _aط/214.2/احم |
| 100 | 1 | _aبهجت، أحمد | |
| 245 | 1 | 0 | _aهدهد سليمان عليه السلام / |
| 264 | 1 |
_aالقاهرة : _bدار الشروق، _c[19-]. |
|
| 490 | 0 | _aأحسن القصص | |
| 650 | 1 | 7 | _aالنبوات |
| 942 |
_2ddc _cBK |
||
| 999 |
_c56278 _d56278 |
||